European Countries & Capitals Containing "A" - Statistics

General Stats
  • This quiz has been taken 285 times
  • The average score is 57 of 63
Answer Stats
Hint Answer % Correct
Amsterdam
98%
Albania
97%
Estonia
96%
Andorra
95%
Denmark
95%
Iceland
95%
Ireland
95%
Latvia
95%
Paris
95%
Slovakia
95%
Spain
95%
Austria
94%
Bucharest
94%
Budapest
94%
Bulgaria
94%
Croatia
94%
France
94%
Hungary
94%
M Madrid
94%
Poland
94%
Prague
94%
Slovenia
94%
Vatican City
94%
Bosnia and Herzegovina
93%
Copenhagen
93%
Finland
93%
Lithuania
93%
Monaco
93%
Netherlands
93%
Portugal
93%
Romania
93%
Russia
93%
S San Marino
93%
Serbia
93%
Vienna
93%
Warsaw
93%
Athens
92%
B Belarus
92%
Germany
92%
Malta
92%
North Macedonia
92%
Norway
92%
Riga
92%
Italy
91%
Zagreb
91%
Moldova
90%
Sofia
90%
Tallinn
90%
Switzerland
89%
Valletta
89%
Ukraine
88%
V Vaduz
88%
Bratislava
86%
Andorra La Vella
85%
Belgrade
85%
Reykjavik
85%
Tirana
85%
Sarajevo
83%
Czechia
82%
Pristina
82%
Chisinau
80%
Ljubljana
80%
Podgorica
77%
No matching quizzes found
Score Distribution
Percent of People with Each Score
Percentile by Number Answered
Your Score History
You have not taken this quiz